000 00632nam a2200193Ia 4500
008 220216s9999 xx 000 0 und d
100 _aSurya K.P
245 0 _aNatural rubber nanocomposites based on new fibrous nanofillers with improved barrier properties for use in tire inner linear applications
260 _bRubber Chemistry and Technology, JAnuary 2020
650 _aFibrous nanofillers
650 _aNatural rubber nanocomposites
650 _aTire
700 _aBattacharya S
700 _aBhowmick A.K
700 _aMukhopadhyay R
700 _aNaskar K
856 _udoi.org/10.5254/rct.20.80424
942 _cJS
999 _c63586
_d63586